MARC

LEADER 00000nam0a2200000 4500
001 41030
005 20231031013658.0
010 |a 5811404468 
035 |a (RuTPU)RU\TPU\book\42097 
090 |a 41030 
100 |a 20020604d2002 m y0rusy50 ca 
101 0 |a rus 
102 |a RU 
105 |a y j 001zy 
200 1 |a Теория рядов  |f Н. Н. Воробьев 
205 |a 6-е изд., стер. 
210 |a СПб.  |c Лань  |d 2002 
215 |a 408 с. 
320 |a Имен. указ.: с. 408. 
451 1 |0 (RuTPU)RU\TPU\book\37312  |t Теория рядов  |o учебное пособие  |f Н. Н. Воробьев  |e 5-е изд., стер.  |c М.  |n Наука  |d 1986  |p 407 с.  |s Избранные главы высшей математики для инженеров и студентов втузов  |a Воробьев, Николай Николаевич 
610 1 |a математика 
610 1 |a ряды 
610 1 |a теория 
610 1 |a прогрессии 
610 1 |a числовые ряды 
610 1 |a теоремы о сходимости 
610 1 |a функциональные ряды 
610 1 |a степенные ряды 
610 1 |a ряды Фурье 
610 1 |a учебные пособия 
675 |a 517.52(075.8)  |v 3 
700 1 |a Воробьев  |b Н. Н. 
801 1 |a RU  |b 63413507  |c 20020604  |g PSBO 
801 2 |a RU  |b 63413507  |c 20021121  |g PSBO 
801 2 |a RU  |b 63413507  |c 20170330  |g PSBO 
942 |c BK